00397 a2200121 4500001001000000005001700010008004100027245007200068100003400140700002000174773006400194999001700258ART_1101620260410161849.0260409a 10aLiberalización del crecimiento y equidad en la economía abierta1 aMartirena-Mantel, Ana María1 aMantel, Rolf R.0 tEconómicag- Año XXXIII,Nº 2 (jul./dic. 1987)wREV7541 c24859d24859